000 00374nam a2200157Ia 4500
003 OSt
005 20231128042522.0
008 170524s9999 xx 000 0 und d
020 _a9780070486843
040 _cIIMT UNIVERSITY
100 _aMallach EG
245 0 _aDecision Support and Data Warehouse System
260 _bTMH New Delhi
260 _c2007
942 _2ddc
_c02
999 _c4924
_d4924